01604cam a2200349 a 4500001001400000003000800014005001700022006001900039007001500058008004100073020003800114040003000152041001300182050002300195082001400218100002100232240003600253245016100289260002700450300004400477520035100521521001700872546003300889588004700922504005100969650003001020655002901050700002901079710001601108776003501124856009501159EDZ0000064014StDuBDS20161031105125.0m||||||||d||||||||cr |||||||||||120327s1995 enka fo| 001|0|eng|d a9781446250549 (ebook) :cNo price aStDuBDSbengcStDuBDSepn1 aenghita 0aBF353b.B6613 199504a155.92231 aBonnes, Mirilia.10aPsicologia ambientale.lEnglish10aEnvironmental psychologyh[electronic resource] :ba psycho-social introduction /cMirilia Bonnes and Gianfranco Secchiaroli ; translated by Clare Montagna. aLondon :bSAGE,c1995. a1 online resource (vii, 230 p.) :bill.8 aThe authors start with a review of the history of environmental psychology, highlighting its interdisciplinary nature. They trace its roots in architecture, ecology and geography, and examine the continuing relationship of these subjects to the psychological tradition. The book then moves through key contemporary lines of research in the field. aSpecialized. aTranslated from the Italian. aDescription based on print version record. aIncludes bibliographical references and index. 0aEnvironmental psychology. 7aElectronic books.2local1 aSecchiaroli, Gianfranco.2 aSage eBooks08iPrint version :z978080397906240uhttp://ezproxy.alfaisal.edu/login?url=http://sk.sagepub.com/books/environmental-psychology